00826nam a2200253Ia 4500003000400000005001700004008004100021020002200062040000700084041001200091082001700103100002300120245005000143260003500193300001700228365001300245650003900258650002400297700002300321906005000344942001200394999001900406952014700425OSt20251024184910.0210423s2011 xx 000 0 und d a978-93-80836-02-7 cAL aEnglish a361.3 bGAUS aGautam P R9118695 aSocial workb: administration and development aNew DelhibCentrum Pressc2011 aviii,304bHB b900cINR aSocial Problems & Services9118696 aSocial Work9118697 aSingh, R S9242722 aadministration ; development ; Social ; work: 2ddccBK c176473d176473 001040708MSWaSACPGbSACPGd2016-03-09eKiran Book Centreg900.00l1o361.3 GAUSpPG023177r2024-04-24 00:00:00s2024-04-13w2021-04-26yBK